LEADER 01996nam1 22002411i 450 001 UON00384513 005 20231205104544.78 100 $a20100928d2003 |0itac50 ba 101 $aita 102 $aIT 105 $a|||| ||||| 200 1 $aˆL'‰Italia repubblicana nella crisi degli anni settanta$eatti del ciclo di convegni, Roma novembre e dicembre 2001 210 $aSoveria Mannelli$cRubbettino$d2003 215 $a4 v.$d23 cm. 463 1$1001UON00384354$12001 $aTra guerra fredda e distensione$fa cura di Agostino Giovagnoli e Silvio Pons$1205 $aSoveria Mannelli : Rubbettino$b2003$1210 $a524 p.$a23 cm$1215 $aIn testa al front.: Ministero per i beni e le attività culturali, Direzione Generale per i Beni Librari e gli Istituti Culturali$v1 463 1$1001UON00384516$12001 $aCulture, nuovi soggetti, identità$fa cura di Fiamma Lussana e Giacomo Marramao$1205 $aSoveria Mannelli : Rubbettino$b2003$1210 $a602 p.$a23 cm$1215 $aIn testa al front.: Ministero per i Beni e per le Attività Culturali, Direzione Generale per i Beni Librari e gli Istituti Culturali.$v2 463 1$1001UON00384529$12001 $aPartiti e organizzazioni di massa$fa cura di Francesco Malgeri e Leonardo Paggi$1205 $aSoveria Mannelli : Rubbettino$b2003$1210 $a515 p.$a23 cm$1215 $aIn testa al front.: Ministero per i Beni e per le Attività Culturali, Direzione Generale per i Beni Librari e gli Istituti Culturali.$v3 463 1$1001UON00384530$12001 $aSistema politico e istituzioni$fa cura di Gabriele De Rosa e Giancarlo Monina$1205 $aSoveria Mannelli : Rubbettino$b2003$1210 $a461 p.$a23 cm$1215 $aIn testa al front.: Ministero per i Beni e per le Attività Culturali, Direzione Generale per i Beni Librari e gli Istituti Culturali.$v4 606 $aItalia$xStoria. 1968-1980$xAtti di congressi$3UONC076444$2FI 801 $aIT$bSOL$c20250808$gRICA 912 $aUON00384513 996 $aItalia repubblicana nella crisi degli anni settanta$9734459 997 $aUNIOR LEADER 01423nam0 22002891i 450 001 UON00406946 005 20231205104723.223 100 $a20120315d1965 |0itac50 ba 101 $aita 102 $aIT 105 $a|||| ||||| 200 1 $aˆLa ‰scuola elementare e il disadattamento sociale minorile$epresentazione di una ricerca socio-pedagogica su campo$fPiero Bertolini, Graziano Cavallini 210 $aMilano$aVarese$cIstituto Editoriale Cisalpino$d1965 215 $a242 p.$d20 cm. 410 1$1001UON00176453$12001 $aCollana Università Commerciale "L. Bocconi". Lingue e Letterature Straniere. Sezione I$eLetteratura e Storia$1210 $aMilano$aVarese$cIstituto Editorialen Cisal pino$v1/II 606 $aScuola elementare$3UONC050642$2FI 620 $aIT$dMilano$3UONL000005 620 $aIT$dVarese$3UONL000038 700 1$aBertolini$bPiero$3UONV103277$0120318 701 1$aCavallini$bGraziano$3UONV208457$0161117 712 $aIstituto Editoriale Cisalpino$3UONV266524$4650 801 $aIT$bSOL$c20260403$gRICA 899 $aSIBA - SISTEMA BIBLIOTECARIO DI ATENEO E ARCHIVIO STORICO$2UONSI 912 $aUON00406946 950 $aSIBA - SISTEMA BIBLIOTECARIO DI ATENEO E ARCHIVIO STORICO$dSI A D 0090 $eSI SC 6646 5 0090 $sBuono 996 $aScuola elementare e il disadattamento sociale minorile$91346364 997 $aUNIOR